The Near East : (Record no. 26953)
[ view plain ]
| 000 -LEADER | |
|---|---|
| fixed length control field | 00970nam a22002891a 4500 |
| 001 - CONTROL NUMBER | |
| control field | 26953 |
| 003 - CONTROL NUMBER IDENTIFIER | |
| rucl marc code | BD-RjUL |
| 005 - DATE AND TIME OF LATEST TRANSACTION | |
| control field | 20211209051106.0 |
| 008 - FIXED-LENGTH DATA ELEMENTS--GENERAL INFORMATION | |
| fixed length control field | 140324s1989 ii ab b 001 0 eng d |
| 020 ## - INTERNATIONAL STANDARD BOOK NUMBER | |
| International Standard Book Number | 8122900194 |
| International Standard Book Number | 8122900208 (pbk) |
| 035 ## - SYSTEM CONTROL NUMBER | |
| System control number | (BD-RjUL)27024 |
| 040 ## - CATALOGING SOURCE | |
| Original cataloging agency | LC |
| Language of cataloging | eng |
| Transcribing agency | LC |
| Modifying agency | NNCU:A |
| -- | 8122900 |
| 041 ## - LANGUAGE CODE | |
| Language code of text/sound track or separate title | eng |
| 082 00 - DEWEY DECIMAL CLASSIFICATION NUMBER | |
| Classification number | 956 |
| Author mark and year | YAN 1989 |
| 100 1# - MAIN ENTRY--PERSONAL NAME | |
| Personal name | Yale, William. |
| 9 (RLIN) | 70731 |
| 245 14 - TITLE STATEMENT | |
| Title | The Near East : |
| Remainder of title | a modern history / |
| Statement of responsibility, etc. | William Yale. |
| 260 ## - PUBLICATION, DISTRIBUTION, ETC. (IMPRINT) | |
| Place of publication, distribution, etc. | Delhi : |
| Name of publisher, distributor, etc. | Surjeet Publications, |
| Date of publication, distribution, etc. | 1989. |
| 300 ## - PHYSICAL DESCRIPTION | |
| Pagination | x, 485, xix p. : |
| Illustrations | maps., diagrs. |
| Size | 22 cm. |
| 490 1# - SERIES STATEMENT | |
| Series statement | The University of Michigan history of the modern world |
| 504 ## - BIBLIOGRAPHY, ETC. NOTE | |
| Bibliography, etc | Bibliographical references included in "Notes" (p. [467]-481) Bibliography: p. [483]-485. and index. |
| 651 #0 - SUBJECT ADDED ENTRY--GEOGRAPHIC NAME | |
| Geographic name | Middle East |
| General subdivision | History |
| Chronological subdivision | 1517- |
| 9 (RLIN) | 82831 |
| 830 #4 - SERIES ADDED ENTRY--UNIFORM TITLE | |
| Uniform title | The University of Michigan history of the modern world. |
| 942 ## - ADDED ENTRY ELEMENTS (KOHA) | |
| Source of classification or shelving scheme | Dewey Decimal Classification |
| Koha item type | Books |
| Lost status | Source of classification or shelving scheme | Damaged status | Not for loan | Collection code | Permanent Location | Current Location | Shelving location | Date acquired | Source of acquisition | Cost, normal purchase price | Total Checkouts | Full call number | Date last seen | Copy number | Koha item type |
|---|---|---|---|---|---|---|---|---|---|---|---|---|---|---|---|
| Dewey Decimal Classification | Non-fiction | Central Library, University of Rajshahi | Central Library, University of Rajshahi | 19/06/1999 | Dhaka, Ankur Prakashani. | 147.00 | 956 YAN 1989 | 24/03/2014 | C-9 | Books | |||||
| Dewey Decimal Classification | Non-fiction | Central Library, University of Rajshahi | Central Library, University of Rajshahi | 19/06/1999 | Dhaka, Ankur Prakashani. | 147.00 | 956 YAN 1989 | 24/03/2014 | C-10 | Books | |||||
| Dewey Decimal Classification | Added to bundle | Non-fiction | Central Library, University of Rajshahi | Central Library, University of Rajshahi | Reading Room | 17/06/1965 | Zeitlinger | 60.00 | 956 YAN 1960 | 24/03/2014 | C-1 | Books |